Firefly at Stonybrook Farm / (Record no. 4018)

MARC details
000 -LEADER
fixed length control field 01217cam a2200313 a 4500
005 - DATE AND TIME OF LATEST TRANSACTION
control field 20260119133625.0
020 ## - INTERNATIONAL STANDARD BOOK NUMBER
International Standard Book Number 1592492827 (hardcover)
020 ## - INTERNATIONAL STANDARD BOOK NUMBER
International Standard Book Number 011475002413
020 ## - INTERNATIONAL STANDARD BOOK NUMBER
International Standard Book Number 9781592492831
040 ## - CATALOGING SOURCE
Original cataloging agency DLC
Transcribing agency DLC
Modifying agency DLC
Language of cataloging eng
050 00 - LIBRARY OF CONGRESS CALL NUMBER
Classification number PZ10.3.P3415
Item number 2004
082 00 - DEWEY DECIMAL CLASSIFICATION NUMBER
Classification number 595.76
100 1# - MAIN ENTRY--PERSONAL NAME
Personal name Pfeffer, Wendy
Dates associated with a name 1929-
245 10 - TITLE STATEMENT
Title Firefly at Stonybrook Farm /
Statement of responsibility, etc. by Wendy Pfeffer ; illustrated by Larry Mikec
250 ## - EDITION STATEMENT
Edition statement First Editon 2004
260 ## - PUBLICATION, DISTRIBUTION, ETC.
Place of publication, distribution, etc. Norwalk, Conecticut :
Name of publisher, distributor, etc. Soundprints, ;
Date of publication, distribution, etc. 2004.
300 ## - PHYSICAL DESCRIPTION
Extent 31 pages :
Other physical details color illustrations ;
Dimensions 12 cm .
490 ## - SERIES STATEMENT
Series statement Smithsonian's Backyard
505 ## - FORMATTED CONTENTS NOTE
Formatted contents note F <br/>
520 ## - SUMMARY, ETC.
Summary, etc. In the backyard of the big white house on Stonybrook Farm, Firefly crawls out of the ground and flies into the night sky. He joins other fireflies in the busy backyard. Can he use his flashing light to attract a mate? And what will happen when a little girl tries to catch him?<br/>
521 ## - TARGET AUDIENCE NOTE
Target audience note 350 <br/>
Source Lexiile estimate <br/>
521 ## - TARGET AUDIENCE NOTE
Target audience note F <br/>
Source Raz-Plus <br/>
650 #0 - SUBJECT ADDED ENTRY--TOPICAL TERM
Topical term or geographic name entry element Fireflies
Form subdivision Juvenile fiction.
650 #1 - SUBJECT ADDED ENTRY--TOPICAL TERM
Topical term or geographic name entry element Fireflies
Form subdivision Fiction.
700 1# - ADDED ENTRY--PERSONAL NAME
Personal name Mikec, Larry
Relator term illustrator
906 ## - LOCAL DATA ELEMENT F, LDF (RLIN)
a 7
b cbc
c orignew
d 1
e ecip
f 20
g y-gencatlg
942 ## - ADDED ENTRY ELEMENTS (KOHA)
Source of classification or shelving scheme Dewey Decimal Classification
Koha item type Books
Suppress in OPAC No
999 ## -
-- 4018
-- 4018
Holdings
Withdrawn status Lost status Source of classification or shelving scheme Damaged status Not for loan Collection Home library Current library Shelving location Date acquired Total Checkouts Full call number Barcode Date last seen Copy number Price effective from Koha item type
    Dewey Decimal Classification     Non-Fiction Footprints International School Library Network Toul Tom Poung Campus Footprints International School Library Network Toul Tom Poung Campus TTP Primary Green Bookshelves 05/31/2024   PFE 595.76 PZ10.P3415 FISTK00976 05/31/2024 1 05/31/2024 Books
    Dewey Decimal Classification     Non-Fiction Footprints International School Library Network Toul Tom Poung Campus Footprints International School Library Network Toul Tom Poung Campus TTP Primary Green Bookshelves 01/19/2026   PFE 595.76 PZ10.P3415 FIS03244 01/19/2026 2 01/19/2026 Books